| 000 | 01400nam a2200301 a 4500 | ||
|---|---|---|---|
| 001 | 49632 | ||
| 003 | BD-RjUL | ||
| 005 | 20211209054715.0 | ||
| 008 | 160821s1993 cau b 001 0 eng | ||
| 020 | _a0803948387 (cl) | ||
| 020 | _a0803948395 (pb) | ||
| 035 | _a(BD-RjUL)49751 | ||
| 040 |
_aLC _beng _cLC _dBD-RjUL |
||
| 041 | _aeng | ||
| 082 | 0 | 0 |
_a362.10685 _223 _bFIE 1993 |
| 100 | 1 |
_aFink, Arlene _9148822 |
|
| 245 | 1 | 0 |
_aEvaluation fundamentals : _bguiding health programs, research, and policy / _cArlene Fink |
| 260 |
_aNewbury Park : _bSage Publications, _cc1993 |
||
| 300 |
_axiv, 199 p. ; _c27 cm. |
||
| 504 | _aIncludes bibliographical references and index. | ||
| 505 | 0 | 0 | _aMachine derived contents note: Program Evaluation -- A Prelude -- Evaluation Questions and Standards -- Designing Program Evaluations -- Sampling -- Collecting Information -- The Right Data Sources -- Evaluation Measures -- Analyzing Evaluation Data -- Evaluation Reports. |
| 650 | 0 |
_aMedical care _xEvaluation. _9148823 |
|
| 650 | 0 |
_aPublic health _xEvaluation. _9148824 |
|
| 856 | 4 | 2 |
_3Publisher description _uhttp://www.loc.gov/catdir/enhancements/fy0655/93010853-d.html |
| 856 | 4 | 1 |
_3Table of contents only _uhttp://www.loc.gov/catdir/enhancements/fy0655/93010853-t.html |
| 856 | 4 | 2 |
_3Contributor biographical information _uhttp://www.loc.gov/catdir/enhancements/fy0734/93010853-b.html |
| 942 |
_2ddc _cBK |
||
| 999 |
_c49632 _d49632 |
||